[Event "XXX Festival A"]
[Site "Arco ITA"]
[Date "2008.10.26"]
[Round "9"]
[White "Henrichsen, Jens"]
[Black "Dieli, Riccardo"]
[Result "1-0"]
[WhiteElo "1987"]
[BlackElo "1943"]
[PlyCount "61"]
[EventDate "2008.10.18"]

1. d4 Nf6 2. c4 c5 3. d5 d6 4. Nc3 g6 5. e4 Bg7 6. Nf3 O-O 7. h3 Re8 8. Bd3 e6
9. O-O exd5 10. cxd5 a6 11. a4 Nbd7 12. Bf4 Qc7 13. Re1 b6 14. Qd2 Bb7 15. Rac1
Rac8 16. b4 Nh5 17. Bh2 Ne5 18. Nxe5 Bxe5 19. f4 Bd4+ 20. Kh1 Qd7 21. b5 a5 22.
Be2 Ng7 23. Bf3 Bxc3 24. Qxc3 f5 25. e5 dxe5 26. fxe5 Rcd8 27. e6 Qc8 28. e7
Rxd5 29. Qc4 Qd7 30. Rcd1 Rxe7 31. Rxe7 1-0

[Event "XXX Festival A"]
[Site "Arco ITA"]
[Date "2008.10.26"]
[Round "9"]
[White "Kofler, Albin"]
[Black "Moratto, Davide"]
[Result "0-1"]
[WhiteElo "1724"]
[BlackElo "1860"]
[PlyCount "66"]
[EventDate "2008.10.18"]

1. d4 Nf6 2. Bg5 e6 3. e4 h6 4. Bxf6 Qxf6 5. a3 d6 6. Bd3 b6 7. Nc3 Bb7 8. Qd2
Nd7 9. Nf3 g6 10. O-O a6 11. Rfe1 Bg7 12. d5 e5 13. Bc4 h5 14. Rad1 Bh6 15. Qe2
Ke7 16. b4 b5 17. Bb3 g5 18. Rd3 g4 19. Nd2 Rag8 20. Nf1 h4 21. Ne3 Qg6 22.
Nf5+ Kd8 23. a4 Nf6 24. axb5 axb5 25. Nxb5 Bc8 26. Rc3 Ne8 27. Nxc7 Bxf5 28.
Qc4 Bd7 29. Nxe8 Kxe8 30. Ra1 Ke7 31. f3 gxf3 32. g3 hxg3 33. Ra7 gxh2+ 0-1

[Event "XXX Festival A"]
[Site "Arco ITA"]
[Date "2008.10.26"]
[Round "9"]
[White "Larino Nieto, David"]
[Black "Grigore, George-Gabriel"]
[Result "1/2-1/2"]
[WhiteElo "2469"]
[BlackElo "2519"]
[PlyCount "24"]
[EventDate "2008.10.18"]

1. d4 Nf6 2. c4 g6 3. Nc3 Bg7 4. e4 d6 5. Nf3 O-O 6. Be2 e5 7. dxe5 dxe5 8.
Qxd8 Rxd8 9. Bg5 Re8 10. Nd5 Nxd5 11. cxd5 c6 12. Bc4 cxd5 1/2-1/2

[Event "XXX Festival A"]
[Site "Arco ITA"]
[Date "2008.10.26"]
[Round "9"]
[White "Marino, Francesco V."]
[Black "Mombelli, Antonio"]
[Result "1/2-1/2"]
[WhiteElo "1686"]
[BlackElo "1850"]
[PlyCount "37"]
[EventDate "2008.10.18"]

1. c4 e5 2. Nc3 Nc6 3. g3 g6 4. Bg2 Bg7 5. Nf3 d6 6. O-O f5 7. d3 Nf6 8. Rb1 a5
9. a3 O-O 10. b4 axb4 11. axb4 Ne7 12. Bb2 Rb8 13. Qb3 Be6 14. Ng5 Qd7 15. Nxe6
Qxe6 16. Nd5 Nexd5 17. cxd5 Qe7 18. Bc3 e4 19. Bxf6 1/2-1/2

[Event "XXX Festival A"]
[Site "Arco ITA"]
[Date "2008.10.26"]
[Round "9"]
[White "Morselli, Stefano"]
[Black "Moncelli, Giorgio"]
[Result "0-1"]
[WhiteElo "1901"]
[BlackElo "2110"]
[PlyCount "66"]
[EventDate "2008.10.18"]

1. e4 c5 2. d3 Nc6 3. Nf3 g6 4. g3 Bg7 5. Bg2 e6 6. O-O Nge7 7. Nbd2 O-O 8. Re1
d6 9. c3 Rb8 10. a4 a6 11. Nf1 Bd7 12. d4 cxd4 13. cxd4 Nb4 14. Bd2 a5 15. Bc3
b5 16. Ne3 bxa4 17. Qd2 Bh6 18. g4 Bc6 19. g5 Bg7 20. Ng4 d5 21. e5 Nf5 22.
Nf6+ Bxf6 23. gxf6 h6 24. Bh3 Kh7 25. Ng5+ hxg5 26. Bxf5 gxf5 27. Qxg5 Rg8 28.
h4 Rxg5+ 29. hxg5 Nc2 30. Kg2 Nxe1+ 31. Rxe1 Kg6 32. Rh1 Qh8 33. Bxa5 Qxh1+ 0-1

[Event "XXX Festival A"]
[Site "Arco ITA"]
[Date "2008.10.26"]
[Round "9"]
[White "Paggiaro, Luca"]
[Black "Karl, Hans"]
[Result "1/2-1/2"]
[WhiteElo "2049"]
[BlackElo "2240"]
[PlyCount "67"]
[EventDate "2008.10.18"]

1. e4 e5 2. Nf3 Nc6 3. Bc4 Nf6 4. Nc3 Bc5 5. d3 d6 6. h3 h6 7. O-O O-O 8. Re1
a6 9. Be3 Bxe3 10. Rxe3 Be6 11. Bxe6 fxe6 12. Ne2 Nh5 13. c3 Qf6 14. Qd2 Nf4
15. Nxf4 exf4 16. Re2 Ne5 17. Nxe5 dxe5 18. f3 Rad8 19. Rd1 Rd6 20. Qc2 Rfd8
21. Red2 R8d7 22. Qb3 b6 23. Qc4 a5 24. d4 Qd8 25. Kf2 Kf8 26. Ke2 c6 27. a4
Ke7 28. Kf2 Kf8 29. Ke2 Qg5 30. Kf1 Qd8 31. Ke2 c5 32. d5 Qg5 33. Kf1 Qd8 34.
Ke2 1/2-1/2

[Event "XXX Festival A"]
[Site "Arco ITA"]
[Date "2008.10.26"]
[Round "9"]
[White "Pipitone, Antonio"]
[Black "Schrott, Ernst"]
[Result "1/2-1/2"]
[WhiteElo "1997"]
[BlackElo "2072"]
[PlyCount "76"]
[EventDate "2008.10.18"]

1. e4 c5 2. Nf3 e6 3. d4 cxd4 4. Nxd4 a6 5. Nc3 Qc7 6. Be2 b5 7. a3 Bb7 8. O-O
Nc6 9. Be3 Nf6 10. Kh1 Ne5 11. f4 Nc4 12. Bxc4 Qxc4 13. e5 Nd5 14. Nxd5 Qxd5
15. Nf3 Rc8 16. c3 Bc5 17. Bxc5 Rxc5 18. Qc2 Qe4 19. Qf2 Rc8 20. Nd4 g6 21.
Rfe1 Qd5 22. Rad1 Qc5 23. Rd2 O-O 24. Qh4 d6 25. exd6 Qxd6 26. Nf3 Qc5 27. Ne5
Bc6 28. Ng4 h5 29. Re5 Qc4 30. Nf6+ Kh8 31. Kg1 Rg8 32. Qg5 Kg7 33. Nxh5+ Kf8
34. Rd8+ Be8 35. Rd4 Qa2 36. Qh6+ Ke7 37. Qg5+ Kf8 38. Qh6+ Ke7 1/2-1/2

[Event "XXX Festival A"]
[Site "Arco ITA"]
[Date "2008.10.26"]
[Round "9"]
[White "Qendro, Llambi"]
[Black "Medancic, Rikard"]
[Result "1-0"]
[WhiteElo "2373"]
[BlackElo "2225"]
[PlyCount "69"]
[EventDate "2008.10.18"]

1. d4 d5 2. c4 dxc4 3. Nf3 Nf6 4. e3 Bg4 5. Bxc4 e6 6. h3 Bh5 7. Nc3 Nbd7 8.
O-O Bd6 9. e4 e5 10. g4 Bg6 11. dxe5 Nxe5 12. Nxe5 Bxe5 13. f4 Bd4+ 14. Kh2 h5
15. g5 Bxc3 16. Qxd8+ Rxd8 17. bxc3 Nxe4 18. f5 Bh7 19. Bf4 O-O 20. g6 Nd2 21.
Bxd2 Rxd2+ 22. Kg1 Kh8 23. gxh7 Kxh7 24. Rad1 Rc2 25. Rf3 b5 26. Bb3 Rb2 27.
Rf2 Rxf2 28. Kxf2 c5 29. Rd7 a5 30. Bxf7 Kh6 31. h4 c4 32. Ke3 Rc8 33. Kd4 a4
34. Be6 Rb8 35. a3 1-0

[Event "XXX Festival A"]
[Site "Arco ITA"]
[Date "2008.10.26"]
[Round "9"]
[White "Romagnoli, Roberto"]
[Black "Ager, Josef"]
[Result "0-1"]
[WhiteElo "2080"]
[BlackElo "2231"]
[PlyCount "108"]
[EventDate "2008.10.18"]

1. c4 g6 2. Nc3 Bg7 3. g3 e5 4. Bg2 Ne7 5. e3 O-O 6. Nge2 d6 7. O-O c6 8. d4
Na6 9. b3 Re8 10. Bb2 Bd7 11. Qd2 Qc7 12. Rac1 Rad8 13. a3 Qc8 14. Rfe1 Bh3 15.
Bh1 Nf5 16. b4 h5 17. b5 Nb8 18. d5 c5 19. Ne4 f6 20. Rc3 Qc7 21. f3 Nh6 22.
Nf2 Bc8 23. e4 Nd7 24. a4 Nf8 25. Ra3 Nh7 26. Bc1 Kh8 27. Qd3 Rg8 28. Bd2 Rdf8
29. Qc3 Qe7 30. Qc1 Nf7 31. Bg2 f5 32. Bh3 Nfg5 33. exf5 gxf5 34. f4 Nxh3+ 35.
Nxh3 Bf6 36. Bc3 Qf7 37. Kf2 Re8 38. Nhg1 Bg7 39. Nf3 Nf6 40. fxe5 Ne4+ 41. Kg2
dxe5 42. Ng5 Nxg5 43. Qxg5 Bf8 44. Qe3 Kh7 45. Nf4 Bd6 46. Nh3 f4 47. Qf2 f3+
48. Kg1 Bxh3 49. Ba1 e4 50. Rae3 Bf5 51. Kf1 h4 52. Bc3 hxg3 53. hxg3 Bxg3 54.
Qg1 Bh3+ 0-1

[Event "XXX Festival A"]
[Site "Arco ITA"]
[Date "2008.10.26"]
[Round "9"]
[White "Schaberg, Wolfgang"]
[Black "Prelati, Maurizio"]
[Result "1/2-1/2"]
[WhiteElo "1932"]
[BlackElo "2135"]
[PlyCount "48"]
[EventDate "2008.10.18"]

1. e4 c5 2. Nf3 d6 3. d4 cxd4 4. Nxd4 Nf6 5. Nc3 a6 6. Bg5 e6 7. f4 Be7 8. Qf3
Qc7 9. Bd3 Nbd7 10. O-O-O h6 11. Bxf6 Bxf6 12. Nce2 O-O 13. g4 g6 14. h4 Bg7
15. Kb1 e5 16. Nf5 gxf5 17. Rhg1 Nc5 18. gxf5 f6 19. Bc4+ Kh8 20. Rg6 b5 21.
Qh5 bxc4 22. Rxh6+ Bxh6 23. Qxh6+ Qh7 24. Qxf8+ Qg8 1/2-1/2

[Event "XXX Festival A"]
[Site "Arco ITA"]
[Date "2008.10.26"]
[Round "9"]
[White "Schrott, Johann"]
[Black "Garonzi, Martino"]
[Result "0-1"]
[WhiteElo "1689"]
[BlackElo "2008"]
[PlyCount "90"]
[EventDate "2008.10.18"]

1. e4 c5 2. Nf3 d6 3. d4 cxd4 4. Nxd4 Nf6 5. Nc3 g6 6. Be2 Bg7 7. Be3 O-O 8.
O-O Nc6 9. Nb3 Bd7 10. Kh1 Rc8 11. f4 a6 12. a4 Be6 13. Bf3 Na5 14. Nxa5 Qxa5
15. Qd2 Qb4 16. Qc1 Bg4 17. Bd2 Bxf3 18. gxf3 Qc5 19. Qe1 e6 20. a5 d5 21. e5
Nd7 22. Rf2 Rfd8 23. Be3 d4 24. Na4 dxe3 25. Nxc5 exf2 26. Qxf2 Nxc5 27. b4 Nd7
28. h4 Nb8 29. h5 Nc6 30. hxg6 hxg6 31. c3 Ne7 32. Qb6 Rd7 33. b5 axb5 34. Qxb5
Rdc7 35. c4 Bh6 36. Kg2 Bxf4 37. Rh1 Nc6 38. Rh4 g5 39. Rh5 Rd8 40. Qb1 Rd2+
41. Kf1 Nxe5 42. Qh7+ Kf8 43. Qb1 Rcd7 44. Rh8+ Ke7 45. Qb4+ Kf6 0-1

[Event "XXX Festival A"]
[Site "Arco ITA"]
[Date "2008.10.26"]
[Round "9"]
[White "Tocco, Paolo"]
[Black "Drazic, Sinisa"]
[Result "1/2-1/2"]
[WhiteElo "2156"]
[BlackElo "2528"]
[PlyCount "125"]
[EventDate "2008.10.18"]

1. d4 Nf6 2. Nc3 d5 3. e4 dxe4 4. f3 c6 5. fxe4 e5 6. dxe5 Qxd1+ 7. Nxd1 Nxe4
8. Nf3 Nd7 9. Bd3 Ndc5 10. O-O Be7 11. b4 Nxd3 12. cxd3 Bxb4 13. dxe4 Be6 14.
a3 Ba5 15. Bd2 Bc7 16. Bc3 O-O-O 17. Nf2 c5 18. Rfd1 b6 19. Rxd8+ Rxd8 20. Rd1
Kb7 21. Ng5 Rxd1+ 22. Nxd1 Bb3 23. Ne3 h6 24. Nf3 g6 25. Kf2 Kc6 26. Ke2 b5 27.
Kd2 Be6 28. Kc2 a5 29. g3 b4 30. axb4 axb4 31. Bd2 Ba5 32. Bc1 Kb5 33. Nd5 Bg4
34. Nd2 Bd8 35. Nb3 Bf3 36. Nd2 Bg4 37. Nb3 Be2 38. Be3 Bf3 39. Nxc5 Kc4 40.
Nf6 Bb6 41. Nfd7 Bxe4+ 42. Nxe4 Bxe3 43. Nd2+ Kd4 44. Nb3+ Ke4 45. Ndc5+ Kf5
46. Kd1 Bg1 47. h3 Kxe5 48. Nd3+ Kd5 49. Kc2 Bh2 50. Nxb4+ Kc4 51. Nc6 Bxg3 52.
Nd2+ Kd5 53. Nd8 f6 54. Kd3 Bc7 55. Nf7 h5 56. Nh8 g5 57. Nf7 Bf4 58. Nf3 g4
59. hxg4 hxg4 60. Nd4 Bc1 61. Nc2 Bb2 62. Nh6 Ke5 63. Nxg4+ 1/2-1/2

[Event "XXX Festival A"]
[Site "Arco ITA"]
[Date "2008.10.26"]
[Round "9"]
[White "Tomasi, Diego"]
[Black "Valenti, Giuseppe"]
[Result "0-1"]
[WhiteElo "2002"]
[BlackElo "2162"]
[PlyCount "66"]
[EventDate "2008.10.18"]

1. e4 c5 2. d4 cxd4 3. c3 Nf6 4. e5 Nd5 5. Qxd4 e6 6. Bc4 Nc6 7. Qe4 Nde7 8.
Nf3 Ng6 9. O-O Qc7 10. Re1 b6 11. Na3 a6 12. Bb3 Bb7 13. Qe2 Rc8 14. Be3 Bxa3
15. bxa3 Ncxe5 16. Nxe5 Qxe5 17. Rad1 Qc7 18. Bd4 Bxg2 19. Qg4 Bb7 20. Bc2 O-O
21. Qh5 f5 22. Qg5 Qc6 23. Kf1 Qh1+ 24. Ke2 Qf3+ 25. Kf1 e5 26. Re3 Qh1+ 27.
Ke2 Qxh2 28. Bxb6 Nf4+ 29. Kd2 Qxf2+ 30. Kc1 Ne2+ 31. Rxe2 Qxe2 32. Rxd7 Qe1+
33. Rd1 Qxc3 0-1

[Event "XXX Festival A"]
[Site "Arco ITA"]
[Date "2008.10.26"]
[Round "9"]
[White "Trauth, Michael"]
[Black "Buratti, Marco"]
[Result "1-0"]
[WhiteElo "2165"]
[BlackElo "2017"]
[PlyCount "43"]
[EventDate "2008.10.18"]

1. Nf3 Nc6 2. c4 e5 3. Nc3 f5 4. d4 e4 5. d5 Nce7 6. Nd4 d6 7. f3 c5 8. Ne6
Bxe6 9. dxe6 Nc6 10. fxe4 fxe4 11. Bf4 e3 12. Bxe3 Qh4+ 13. g3 Qxc4 14. Bh3 Nf6
15. O-O Be7 16. Rf4 Qa6 17. Qb3 O-O 18. Raf1 Kh8 19. Bg2 Qa5 20. Qxb7 Rac8 21.
Bxc6 Rc7 22. Qb5 1-0

[Event "XXX Festival A"]
[Site "Arco ITA"]
[Date "2008.10.26"]
[Round "9"]
[White "Vanzan, Alessandro"]
[Black "Coqueraut, Jean Dominique"]
[Result "0-1"]
[WhiteElo "1805"]
[BlackElo "1892"]
[PlyCount "88"]
[EventDate "2008.10.18"]

1. c4 e5 2. Nc3 Nf6 3. d3 c6 4. Nf3 d6 5. g3 Be7 6. Bg2 O-O 7. O-O Bd7 8. Rb1
Na6 9. a3 Nc7 10. b4 Ne6 11. b5 Qc7 12. Be3 b6 13. a4 Ng4 14. Bd2 Rac8 15. bxc6
Bxc6 16. Nd5 Bxd5 17. cxd5 Nc5 18. Rc1 Qd7 19. Ra1 f5 20. d4 Ne4 21. Bb4 Rc4
22. Qb3 Rfc8 23. h3 Ngxf2 24. Rxf2 Nxf2 25. Kxf2 e4 26. Nd2 Rxd4 27. Bf1 Bf6
28. Rb1 a5 29. Bc3 Rxa4 30. Bxf6 Rb4 31. Qa2 gxf6 32. Rxb4 axb4 33. e3 Rc3 34.
Nc4 b3 35. Qa1 Rc2+ 36. Be2 b5 37. Qa8+ Kg7 38. Nb6 Qf7 39. Qa3 Qc7 40. Qxb3
Rxe2+ 41. Kxe2 Qxb6 42. Qb4 Qc5 43. Qxc5 dxc5 44. Kd2 Kf7 0-1

[Event "XXX Festival A"]
[Site "Arco ITA"]
[Date "2008.10.26"]
[Round "9"]
[White "Vezzosi, Paolo"]
[Black "Vuelban, Virgilio"]
[Result "1/2-1/2"]
[WhiteElo "2337"]
[BlackElo "2390"]
[PlyCount "29"]
[EventDate "2008.10.18"]

1. d4 d5 2. Nf3 Nf6 3. c4 c6 4. e3 e6 5. Nbd2 Nbd7 6. Bd3 Be7 7. O-O b6 8. e4
dxe4 9. Nxe4 Bb7 10. Qe2 Nxe4 11. Bxe4 Nf6 12. Bc2 O-O 13. Bg5 Qc7 14. Rad1 c5
15. b3 1/2-1/2

[Event "XXX Festival A"]
[Site "Arco ITA"]
[Date "2008.10.26"]
[Round "9"]
[White "Wagner, Frank"]
[Black "Collato, Luca"]
[Result "1/2-1/2"]
[WhiteElo "1955"]
[BlackElo "1848"]
[PlyCount "35"]
[EventDate "2008.10.18"]

1. Nf3 f5 2. d4 Nf6 3. Bg5 e6 4. c4 Be7 5. e3 O-O 6. Bd3 d5 7. O-O c6 8. Nbd2
h6 9. Bh4 g5 10. Bg3 Ne4 11. Bxb8 Rxb8 12. Ne5 Qe8 13. Nxe4 dxe4 14. Be2 g4 15.
f3 exf3 16. gxf3 Bd6 17. Qe1 h5 18. Qh4 1/2-1/2

[Event "XXX Festival A"]
[Site "Arco ITA"]
[Date "2008.10.26"]
[Round "9"]
[White "Weinberg, Emanuele"]
[Black "Cracco, Pietro"]
[Result "1-0"]
[WhiteElo "1861"]
[BlackElo "1984"]
[PlyCount "67"]
[EventDate "2008.10.18"]

1. d4 d5 2. c4 c6 3. Nf3 Nf6 4. g3 Bf5 5. Bg2 e6 6. Nc3 Bd6 7. O-O Nbd7 8. b3
O-O 9. Bb2 Ne4 10. Nh4 Nxc3 11. Bxc3 Bg6 12. Nxg6 hxg6 13. f3 f5 14. e4 e5 15.
dxe5 Bxe5 16. Bxe5 Nxe5 17. Qd4 Qf6 18. Rad1 dxc4 19. f4 Ng4 20. Qxc4+ Qf7 21.
Qxf7+ Rxf7 22. Rfe1 Re7 23. e5 Kf8 24. h3 Nh6 25. Rd6 Ke8 26. Red1 Nf7 27. Rxg6
Nd8 28. g4 Ne6 29. Rf1 Nd4 30. gxf5 Nxf5 31. Be4 Nd4 32. Kf2 Ne6 33. Ke3 Rd8
34. Rfg1 1-0

[Event "XXX Festival A"]
[Site "Arco ITA"]
[Date "2008.10.26"]
[Round "9"]
[White "Zordan, Diego"]
[Black "Bonini, Roberto"]
[Result "0-1"]
[WhiteElo "1846"]
[BlackElo "1843"]
[PlyCount "38"]
[EventDate "2008.10.18"]

1. d4 Nf6 2. c4 g6 3. Nc3 Bg7 4. e4 d6 5. f4 O-O 6. Nf3 c5 7. d5 b5 8. cxb5 Qa5
9. Bd2 a6 10. Bd3 axb5 11. Nxb5 Qb6 12. Qb3 Ba6 13. Ke2 Bxb5 14. Qxb5 Qxb5 15.
Bxb5 Nxe4 16. Rhb1 Na6 17. a3 Nxd2 18. Kxd2 Rfb8 19. a4 Nc7 0-1

[Event "XXX Festival A"]
[Site "Arco ITA"]
[Date "2008.10.26"]
[Round "9"]
[White "Zucchelli, Massimo"]
[Black "Spornberger, Maximilian"]
[Result "1/2-1/2"]
[WhiteElo "2145"]
[BlackElo "2023"]
[PlyCount "94"]
[EventDate "2008.10.18"]

1. d4 g6 2. c4 Bg7 3. Nc3 Nf6 4. e4 d6 5. Be2 O-O 6. Bg5 c5 7. d5 b5 8. cxb5 a6
9. a4 Qa5 10. Bd2 Qb4 11. Qb1 axb5 12. f3 Qa5 13. Bxb5 Ba6 14. Nge2 Bxb5 15.
Nxb5 Qb6 16. O-O Na6 17. Kh1 Rfb8 18. Qc2 Ne8 19. Bc3 Nec7 20. Bxg7 Kxg7 21.
Nec3 Nb4 22. Qe2 Ra5 23. Nxc7 Qxc7 24. Nb5 Qb7 25. Qc4 Qa8 26. b3 Kg8 27. Rad1
Rc8 28. f4 Na6 29. e5 Nc7 30. Nxc7 Rxc7 31. exd6 exd6 32. f5 Rb7 33. fxg6 hxg6
34. Qf4 Qf8 35. Rd3 Ra8 36. Qf6 Qd8 37. Qc3 Rb4 38. Rdf3 Ra7 39. h3 Rab7 40.
Qf6 Qxf6 41. Rxf6 Re7 42. R6f3 Rd4 43. a5 Rxd5 44. Ra1 Ra7 45. Rf4 Ra6 46. Kg1
Kf8 47. Kf1 Ke7 1/2-1/2

[Event "C.to Mondiale U10"]
[Site "Vung Tau VIE"]
[Date "2008.10.22"]
[Round "3"]
[White "Zamengo, Fulvio"]
[Black "Chen, Yan-Fong"]
[Result "1-0"]
[WhiteElo "1650"]
[BlackElo "1865"]
[PlyCount "119"]
[EventDate "2008.10.20"]

1. e4 c5 2. Nf3 Nc6 3. d4 cxd4 4. Nxd4 Nf6 5. Nc3 e5 6. Nf5 d6 7. Ne3 Be6 8.
Bc4 Be7 9. Ned5 O-O 10. Be3 a6 11. h3 b5 12. Bb3 Na5 13. Nxf6+ Bxf6 14. Bd5 Rc8
15. O-O Nc4 16. Bxc4 Bxc4 17. Re1 Qc7 18. Rc1 Rfd8 19. Nd5 Bxd5 20. Qxd5 Qc6
21. Red1 Be7 22. c3 h6 23. Qxc6 Rxc6 24. Rd5 f6 25. Kf1 Kf7 26. Ke2 Ke6 27.
Rcd1 Rc4 28. f3 b4 29. Bd2 bxc3 30. Bxc3 Rdc8 31. Ra5 R8c6 32. Rad5 Rc8 33. a3
R4c5 34. Bb4 Rxd5 35. Rxd5 Rc2+ 36. Rd2 Rxd2+ 37. Kxd2 Kd7 38. Kd3 Kc6 39. Kc4
Bd8 40. a4 Bb6 41. Bc3 Bc7 42. b4 Bb6 43. Bb2 Bc7 44. Ba3 Bb6 45. b5+ axb5+ 46.
axb5+ Kd7 47. Kd5 Bc7 48. Bb4 g6 49. g4 h5 50. Ba3 Ba5 51. Bxd6 Bb6 52. Bc5 Bd8
53. b6 hxg4 54. hxg4 g5 55. b7 Kc7 56. Ke6 Kxb7 57. Be7 Bc7 58. Bxf6 Kc6 59.
Bxe5 Bxe5 60. Kxe5 1-0

[Event "C.to Mondiale U10"]
[Site "Vung Tau VIE"]
[Date "2008.10.26"]
[Round "7"]
[White "Zamengo, Fulvio"]
[Black "Bharadwaj, Akshay"]
[Result "0-1"]
[WhiteElo "1650"]
[BlackElo "1903"]
[PlyCount "148"]
[EventDate "2008.10.20"]

1. e4 c5 2. Nf3 Nc6 3. d4 cxd4 4. Nxd4 Nf6 5. Nc3 e5 6. Ndb5 d6 7. f3 a6 8. Na3
b5 9. Nd5 Be6 10. c4 b4 11. Nc2 a5 12. Nce3 Nh5 13. Be2 Qh4+ 14. Kd2 Bxd5 15.
Nxd5 Qd8 16. Ke1 Be7 17. Be3 O-O 18. Kf2 Bg5 19. Qd2 Bxe3+ 20. Qxe3 Nd4 21.
Rad1 Ne6 22. Rhf1 Nhf4 23. g3 Nxe2 24. Qxe2 Qg5 25. Qe3 Qh5 26. Kg2 Kh8 27. Ne7
Nd4 28. g4 Qh4 29. Nf5 Nxf5 30. exf5 Qe7 31. Rd5 Qc7 32. Qd3 Rac8 33. b3 a4 34.
Rxd6 axb3 35. axb3 Ra8 36. Rd1 Qc5 37. Rd5 Qe7 38. Qe3 f6 39. Rd7 Ra2+ 40. R1d2
Qxd7 41. Rxa2 h6 42. Ra7 Qd1 43. Ra2 Rd8 44. Re2 Rd3 45. Qf2 Qxb3 46. c5 Qd5
47. h3 Rc3 48. Rc2 e4 49. Rd2 exf3+ 50. Kg3 Qe5+ 51. Kh4 Qf4 52. Rd4 Qg5+ 53.
Kg3 b3 54. c6 b2 55. Rb4 Qc1 56. Rxb2 Rxc6 57. Rd2 Rc3 58. Ra2 Rc4 59. Rd2 Rc3
60. Ra2 Rd3 61. Rb2 Qc7+ 62. Kh4 Qf4 63. Rb7 h5 64. Qf1 Qg5+ 65. Kg3 h4+ 66.
Kh2 Qf4+ 67. Kh1 Rd2 68. Qg1 f2 69. Qf1 Qf3+ 70. Kh2 Qxb7 71. g5 Qc7+ 72. Kg2
Qg3+ 73. Kh1 Rd1 74. g6 Qxh3# 0-1

[Event "C.to Mondiale U10 femminile"]
[Site "Vung Tau VIE"]
[Date "2008.10.29"]
[Round "10"]
[White "Santeramo, Alessia Carmen"]
[Black "Auvray, Honorine"]
[Result "0-1"]
[WhiteElo "1545"]
[BlackElo "1692"]
[PlyCount "86"]
[EventDate "2008.10.20"]

1. e4 c5 2. Nf3 e6 3. d4 cxd4 4. Nxd4 Nf6 5. Nc3 Nc6 6. Be3 Bb4 7. Bd3 O-O 8.
f3 d5 9. exd5 exd5 10. O-O Re8 11. Bf2 Be6 12. a3 Bc5 13. Nxe6 Bxf2+ 14. Rxf2
Rxe6 15. Rd2 h6 16. Bc4 Qb6+ 17. Kh1 dxc4 18. b3 cxb3 19. cxb3 Rae8 20. Ne2 Qf2
21. Qg1 Qxg1+ 22. Nxg1 Nh5 23. Rd3 Re3 24. Rxe3 Rxe3 25. b4 Nf6 26. h4 a5 27.
b5 Ne5 28. a4 Rb3 29. Rd1 Ng6 30. Ra1 Nxh4 31. Ra2 Rb4 32. Nh3 g5 33. Kh2 Kf8
34. Nf2 Ke7 35. Nd3 Rd4 36. Nc5 b6 37. Nb3 Rb4 38. Nd2 Nd5 39. Ra3 Rb2 40. Rd3
Nf4 41. Rd4 Nfxg2 42. Rd3 Nf4 43. Re3+ Kf8 0-1

[Event "C.to Mondiale U12"]
[Site "Vung Tau VIE"]
[Date "2008.10.20"]
[Round "1"]
[White "Shiau, Suen-Wen"]
[Black "Zito, Riccardo"]
[Result "1/2-1/2"]
[WhiteElo "1776"]
[BlackElo "1575"]
[PlyCount "98"]
[EventDate "2008.10.20"]

1. e4 Nf6 2. e5 Nd5 3. c4 Nb6 4. d4 d6 5. exd6 cxd6 6. Nc3 g6 7. Be3 Bg7 8. Nf3
Bf5 9. Nh4 Be6 10. d5 Bd7 11. Bd4 f6 12. Nf3 O-O 13. Be2 e5 14. dxe6 Bxe6 15.
Bxb6 Qxb6 16. Qd2 Bf7 17. O-O a6 18. Nd5 Qd8 19. Rad1 Re8 20. Rfe1 Nc6 21. b3
Ne5 22. Nxe5 dxe5 23. Bf3 f5 24. Qb4 Bf8 25. Qxb7 Rb8 26. Qxa6 Re6 27. Qa7 Rc8
28. Qe3 e4 29. Be2 Rd6 30. Nc3 Rxd1 31. Rxd1 Qa5 32. a4 Bc5 33. Qg3 e3 34. Nd5
exf2+ 35. Kf1 Rd8 36. Qc3 Qxc3 37. Nxc3 Rb8 38. Rb1 Be8 39. Bf3 g5 40. Bd5+ Kg7
41. Nb5 Bxb5 42. cxb5 g4 43. Rc1 Bb6 44. Rc6 f4 45. g3 f3 46. Be6 h5 47. Bf5
Bd4 48. Rg6+ Kf7 49. Rc6 Kg7 1/2-1/2

[Event "C.to Mondiale U12"]
[Site "Vung Tau VIE"]
[Date "2008.10.21"]
[Round "2"]
[White "Ebeling, Daniel"]
[Black "Codenotti, Marco"]
[Result "0-1"]
[WhiteElo "1809"]
[BlackElo "2051"]
[PlyCount "72"]
[EventDate "2008.10.20"]

1. e4 c5 2. c3 d6 3. d4 Nf6 4. dxc5 Nc6 5. f3 d5 6. exd5 Nxd5 7. Bc4 e6 8. Bxd5
exd5 9. Be3 Qh4+ 10. g3 Qf6 11. Nd2 Ne5 12. Qe2 Qe7 13. O-O-O Bf5 14. Nb3 O-O-O
15. g4 Bg6 16. f4 Be4 17. fxe5 Bxh1 18. Nh3 Be4 19. c6 bxc6 20. Bg5 f6 21. exf6
gxf6 22. Qa6+ Kd7 23. Qb7+ Ke8 24. Qxc6+ Kf7 25. Bf4 Bf3 26. Rg1 Bxg4 27. Nf2
Bf5 28. Nd4 Bg6 29. Ng4 Bg7 30. Bh6 Rhe8 31. Bxg7 Kxg7 32. Nf5+ Bxf5 33. Nxf6+
Kf7 34. Nxd5 Qe6 35. Qb7+ Rd7 36. Qb3 Qxd5 0-1

[Event "C.to Mondiale U12"]
[Site "Vung Tau VIE"]
[Date "2008.10.21"]
[Round "2"]
[White "Zito, Riccardo"]
[Black "Markoja, Sebastijan"]
[Result "1/2-1/2"]
[WhiteElo "1575"]
[BlackElo "1811"]
[PlyCount "118"]
[EventDate "2008.10.20"]

1. e4 c5 2. Nf3 d6 3. d4 cxd4 4. Nxd4 Nf6 5. Nc3 a6 6. Bg5 e6 7. f4 Qb6 8. Nb3
Nc6 9. Qd2 Be7 10. O-O-O Bd7 11. e5 Nd5 12. exd6 Nxc3 13. Qxc3 Bxg5 14. fxg5
Rg8 15. Qc5 Qxc5 16. Nxc5 O-O-O 17. Bd3 h6 18. g6 f6 19. Rhe1 Rge8 20. c3 Kb8
21. b4 Ka7 22. a4 Ne5 23. Be4 b6 24. Nxd7 Rxd7 25. Rd4 Red8 26. Red1 f5 27. Bf3
Nxf3 28. gxf3 b5 29. a5 Kb7 30. Kc2 Kc6 31. c4 bxc4 32. Rxc4+ Kb7 33. Rc7+
Rxc7+ 34. dxc7 Rxd1 35. Kxd1 e5 36. Kc2 Kxc7 37. Kc3 Kc6 38. Kc4 e4 39. fxe4
fxe4 40. Kd4 e3 41. Kxe3 Kb5 42. Ke4 Kxb4 43. Ke5 Kxa5 44. Ke6 Kb4 45. Kf7 a5
46. Kxg7 a4 47. Kxh6 a3 48. g7 a2 49. g8=Q a1=Q 50. Qb8+ Kc4 51. Qg8+ Kd3 52.
Qg6+ Ke2 53. Qg4+ Kf2 54. Qg3+ Ke2 55. Qg4+ Kf2 56. Qf4+ Ke2 57. Qe4+ Kf2 58.
Qh4+ Ke2 59. Qh5+ Kf2 1/2-1/2

[Event "C.to Mondiale U12"]
[Site "Vung Tau VIE"]
[Date "2008.10.22"]
[Round "3"]
[White "Akhmetov, Ayan"]
[Black "Zito, Riccardo"]
[Result "1-0"]
[WhiteElo "1978"]
[BlackElo "1575"]
[PlyCount "65"]
[EventDate "2008.10.20"]

1. e4 Nf6 2. e5 Nd5 3. d4 d6 4. Nf3 Bg4 5. Be2 e6 6. O-O Be7 7. h3 Bh5 8. c4
Nb6 9. Nc3 Nc6 10. exd6 cxd6 11. d5 exd5 12. Nxd5 Nxd5 13. Qxd5 Bg6 14. Bf4 Qd7
15. Rad1 Rd8 16. a3 Bf5 17. Nd4 Be6 18. Nxe6 fxe6 19. Qb5 O-O 20. Bg3 Rf5 21.
Qb3 Na5 22. Qc3 Qc6 23. b4 Nxc4 24. Qxc4 Qd7 25. Bg4 b5 26. Qe2 Rf6 27. Rfe1
Kf7 28. Bh4 Rh6 29. Bxe7 Kxe7 30. Rd3 Rf8 31. Red1 Rxf2 32. Qxf2 Rf6 33. Rxd6
1-0

[Event "C.to Mondiale U12"]
[Site "Vung Tau VIE"]
[Date "2008.10.22"]
[Round "3"]
[White "Codenotti, Marco"]
[Black "Xu, Xianliang"]
[Result "0-1"]
[WhiteElo "2051"]
[BlackElo "1890"]
[PlyCount "60"]
[EventDate "2008.10.20"]

1. e4 d5 2. exd5 Qxd5 3. Nc3 Qa5 4. d4 c6 5. Nf3 Nf6 6. Bd2 Bf5 7. Bc4 e6 8.
Nd5 Qd8 9. Nxf6+ Qxf6 10. Qe2 Nd7 11. Bg5 Qg6 12. O-O-O Nb6 13. d5 Nxc4 14.
Qxc4 exd5 15. Rhe1+ Be6 16. Qf4 h6 17. Bh4 Bc5 18. b4 Bb6 19. Qd6 Bd8 20. Rxe6+
Qxe6 21. Re1 Qxe1+ 22. Nxe1 Bxh4 23. Nf3 Bf6 24. Qc7 O-O 25. Qxb7 Rab8 26. Qxa7
Rxb4 27. a3 Re4 28. a4 Rfe8 29. a5 Bc3 30. Kb1 Ra4 0-1

[Event "C.to Mondiale U12"]
[Site "Vung Tau VIE"]
[Date "2008.10.23"]
[Round "5"]
[White "Codenotti, Marco"]
[Black "Chen, Pin-Hung"]
[Result "0-1"]
[WhiteElo "2051"]
[BlackElo "1700"]
[PlyCount "82"]
[EventDate "2008.10.20"]

1. e4 e5 2. Nf3 Nc6 3. Bc4 Bc5 4. c3 Nf6 5. d3 h6 6. h3 O-O 7. Bb3 d5 8. exd5
Nxd5 9. O-O Re8 10. Nbd2 Bb6 11. Nc4 Kh8 12. Re1 f6 13. Nxb6 Nxb6 14. Nh4 Be6
15. Bxe6 Rxe6 16. Re3 Rd6 17. Rg3 Ne7 18. f4 Nd7 19. Be3 Qe8 20. Qe2 Re6 21.
Qg4 Qf7 22. f5 Rd6 23. Ng6+ Nxg6 24. fxg6 Qe6 25. Qf3 c6 26. Rd1 Qxa2 27. Qh5
Kg8 28. Bxh6 gxh6 29. Qxh6 Nf8 30. Rg4 f5 31. Rg5 Qe6 32. h4 Qf6 33. h5 f4 34.
g4 Re8 35. Rf5 Qg7 36. Qg5 Nxg6 37. h6 Qe7 38. Qh5 Qh4 39. Qxh4 Nxh4 40. Rg5+
Kh8 41. Rh5 Ng6 0-1